00518nam a2200157 a 450000100100000000500170001000800410002702000150006804000250008310000190010824501010012726000580022830000210028650000210030750400320032800004307320201002040622.0140218s1998 xxu 000 0 spa d a0864810468 aDO-SdBNPbspacBNPHU1 aBarry, John M.10aRising Tide :bthe great Mississippi Flood of 1927 and how it change América /cJohn M. Barry. aNew York :bA Touchstone Book, Simon Schuster,c1998. a524 p. ;c25 cm. aIncluye índice aBibliografía : p. 484-495